Nemocnica s poliklinikou v Krompachoch opäť v pozornosti poslanco

Podrobná bibliografia
Hlavný autor: Sviteková, Angela (Autor)
Médium: Článok
Jazyk:slovenčina
Predmet:

MARC

LEADER 00000nab a2200000 a 4500
001 vtls008185994
003 SK-MaSNL
005 20260305040205.0
008 050722c2004 xo mr|p|||||||000 b|slo
015 |a SNSK2005 
038 |a SNSK 
040 |a SNSK  |b slo  |c SNSK  |e AACR2 
041 0 |a slo 
044 |a xo  |c SK 
080 |a 362.111  |2 UDC-MRF-SK2 
080 |a 352.075.1  |2 UDC-MRF-SK2 
100 1 |a Sviteková, Angela  |4 aut  |9 841455 
245 1 0 |a Nemocnica s poliklinikou v Krompachoch opäť v pozornosti poslanco  |c Angela Sviteková 
610 2 7 |a Nemocnica s poliklinikou (Krompachy, Slovensko)  |2 snsk  |9 58943 
650 0 7 |a transformácia  |2 snkbucl  |9 17892 
651 7 |a Krompachy (Slovensko)  |2 snsk  |9 43389 
651 7 |a Spišská Nová Ves (Slovensko : okres)  |2 snsk  |9 22259 
773 0 |t Spišské hlasy  |g Roč. V., č. 6 (2004), s. 9 
852 |a SNSK  |b KIS3GCP 
999 |c 3337138  |d 3339068